| 000 | 00459nam a22001937a 4500 | ||
|---|---|---|---|
| 003 | MPLRDC | ||
| 005 | 20220104144546.0 | ||
| 008 | 210129b ||||| |||| 00| 0 eng d | ||
| 020 | _a7-80127-379-6 | ||
| 082 | _a857.6 ZX-2 | ||
| 100 | _a张欣 | ||
| 245 |
_a伴你到黎明 _c |
||
| 250 | _a初版 | ||
| 260 |
_a _b经济日报 _c1997 |
||
| 300 | _b平 | ||
| 490 | _a中国当代作家作品精选 | ||
| 650 | _a短篇小说 | ||
| 942 |
_cBK _o857.6 ZX-2 |
||
| 999 |
_c50787 _d50777 |
||